| 000 | 00745cab a2200253 4500 | ||
|---|---|---|---|
| 001 | ABS53473 | ||
| 008 | 090401t1995 xxu||||| |||| 00| 0 eng d | ||
| 035 | _a(Sirsi) u4504 | ||
| 041 | _aeng | ||
| 100 | _aBond, R. | ||
| 245 | _aHigh Street fashion | ||
| 260 | _c1995 | ||
| 350 | _a0 | ||
| 490 |
_aSurveyor _v182(5353) 17 August 1995, 16-17(2) |
||
| 520 | _aAnalyses the effect of draft PPG6 on town centre development assessing its effectiveness without any significant change in public transport policy. | ||
| 650 | _aDRAFT PPGS | ||
| 650 | _aPUBLIC TRANSPORT | ||
| 650 | _aRETAIL DEVELOPMENT | ||
| 650 | _aSHOPPING CENTRES | ||
| 650 | _aTOWN CENTRE | ||
| 690 | _aPLANNING LAW AND PRACTICE | ||
| 942 | _n0 | ||
| 948 | _c04/03/1997 | ||
| 999 |
_c2715 _d2715 |
||